Statistics for 都営バスの営業係数ワースト10

Click here to take the quiz!

General Stats

  • This quiz has been taken 5 times
  • The average score is 3 of 10

Answer Stats

HintAnswer% Correct
287里48
60%
250浜95
60%
228都03
40%
316練68
40%
245田99
40%
229渋88
20%
241反94
20%
266直行02
0%
236学05
0%
232S-1
0%

Score Distribution

Percentile by Number Answered

Percent of People with Each Score

Your Score History

You have not taken this quiz